1380 1204 1780 1451 1667 1545 1249 1766 1865 1994 1476 1014 1244 1894 1345 1083 1275 1719 1767 1808 1221 1967 1157 1217 1077 1172 1841 1068 1665 1515 1961 1735 1886 1291 1623 1086 1452 1316 1786 1631 1745 1417 1990 1672 1448 1664 1785 1644 1851 1322 1033 1319 1462 1094 1168 1110 1528 1500 1012 1171 1357 1869 1233 1813 1447 1558 1543 1967 1512 1252 1787 1594 1889 1833 1265 1362 1840 1765 1744 1156 1712 1673 1592 1260 1701 1785 1874 1804 1473 1665 1641 1361 1258 1552 1703 1193 1422 1670 1505 BCNSPRNW ULIB Ver.6.0+V

เปลี่ยนเป็นภาษาไทย

Change to English
 แสดงรายละเอียดบรรณานุกรม
  กลับหน้าหลัก

Brief Record : Get Marc (ISO 2709) : E-mail record : QR code < ปิดหน้าต่าง
LEADER : 00000nam 2200000uu 4500
001    13399112323
003     ULIB
008    110627s2554||||th 000 0 tha d
020    9789747040104
090    นว.^bณ429ส 2554
100 0  ณารา
245 00 ส้มหวานน้ำตาลเปรี้ยว/^cณารา
250    พิมพ์ครั้งที่ 3
260    กรุงเทพฯ :^bพิมพ์คำ,^c2554
300    264 หน้า
710 1  พิมพ์คำ
945    ^p170^l0^i030392
995    ทศพร
999 ^a ใช้งานได้ทุกระบบ
รายการนี้ยังไม่มีแท็ก
คุณยังไม่ได้ล็อกอิน คุณสามารถมีกิจกรรมร่วมกับเว็บไซต์ได้ แต่ต้องล็อกอินก่อน ::
  ล็อกอิน

รายการสื่อสารสนเทศ

ลำดับที่ ประเภท เลขเรียก/บาร์โค้ด สถานที่ สถานะ
- ไม่พบข้อมูล -

รายการใกล้เคียง
    ผู้แต่ง [ณารา]

BibComment


ยังไม่เคยถูกคอมเมนท์

คอมเมนท์ทรัพยากรรายการนี้
  คอมเมนท์: ส้มหวานน้ำตาลเปรี..


 Copyright 2026. Bcnsprnw @Library